| 000 | 00479nam a22001577a 4500 | ||
|---|---|---|---|
| 008 | 230501b |||||||| |||| 00| 0 eng d | ||
| 040 |
_aNational Science Library _cNational Science Library |
||
| 080 |
_a54(091) _bJ7 |
||
| 100 | _aRead, John | ||
| 245 |
_aThrough alchemy to chemistry: _bA procession of idea & personalities |
||
| 260 |
_aNew York: _bHarper & Row Publishers, _c1963 |
||
| 300 | _axiv, 206p. | ||
| 650 | _aAlchemy | ||
| 653 | _aChemistry | ||
| 942 |
_2udc _cBK |
||
| 999 |
_c25445 _d25445 |
||